पर्यावरण : (Record no. 112010)

MARC details
000 -LEADER
fixed length control field 01173nam a22002657a 4500
005 - DATE AND TIME OF LATEST TRANSACTION
control field 20170124102932.0
010 ## - LIBRARY OF CONGRESS CONTROL NUMBER
LC control number B-156471
020 ## - INTERNATIONAL STANDARD BOOK NUMBER
Terms of availability 240.00
International Standard Book Number 8190158368
035 ## - SYSTEM CONTROL NUMBER
System control number B-156471
037 ## - SOURCE OF ACQUISITION
Source of stock number/acquisition Cen Lib/Ret
040 ## - CATALOGING SOURCE
Original cataloging agency DPL
Language of cataloging HN
082 ## - DEWEY DECIMAL CLASSIFICATION NUMBER
Classification number 363.7
Item number गोयल
100 ## - MAIN ENTRY--PERSONAL NAME
Personal name गोयल, अश्वनी
9 (RLIN) 210
245 ## - TITLE STATEMENT
Title पर्यावरण :
Statement of responsibility, etc अश्वनी गोयल [एवं] रश्मि गोयल
Remainder of title कल आज और कल /
246 ## - VARYING FORM OF TITLE
Title proper/short title Paryavaran : kal aaj aur kal /
Remainder of title by Ashwani Goyal [and] Rashmi Goyal
260 ## - PUBLICATION, DISTRIBUTION, ETC. (IMPRINT)
Name of publisher, distributor, etc साहित्य संस्थान
Place of publication, distribution, etc गाजियाबाद
Date of publication, distribution, etc 2004
270 ## - ADDRESS
Address ई-10/660, उत्तरांचल कॉलोनी, लोनी बॉर्डर
City उत्तर प्रदेश
Postal code 201102
300 ## - PHYSICAL DESCRIPTION
Extent 226पृ.
Dimensions 20सेमी (सजिल्द)
650 ## - SUBJECT ADDED ENTRY--TOPICAL TERM
Topical term or geographic name as entry element हिन्दी साहित्य
9 (RLIN) 45467
650 ## - SUBJECT ADDED ENTRY--TOPICAL TERM
Topical term or geographic name as entry element पर्यावरण
9 (RLIN) 45468
650 ## - SUBJECT ADDED ENTRY--TOPICAL TERM
Topical term or geographic name as entry element Hindi literature
9 (RLIN) 45469
650 ## - SUBJECT ADDED ENTRY--TOPICAL TERM
Topical term or geographic name as entry element Environment
9 (RLIN) 4310
700 ## - ADDED ENTRY--PERSONAL NAME
Personal name गोयल, रश्मि
9 (RLIN) 7558
942 ## - ADDED ENTRY ELEMENTS (KOHA)
Source of classification or shelving scheme Dewey Decimal Classification
Koha item type Hindi Books
Classification part 363.7
Call number suffix गोयल
Holdings
Withdrawn status Lost status Damaged status Not for loan Home library Current library Date acquired Source of acquisition Cost, normal purchase price Total Checkouts Full call number Barcode Date last seen Copy number Cost, replacement price Price effective from Koha item type
        Central Library Central Library 06/08/2015 Cen Lib/Ret 240.00   363.7 गोयल B-156471 06/08/2015 1 240.00 06/08/2015 Hindi Books

© Delhi Public Library
Hit Counter
free hit counter